000
00310nam a22001217a 4500
008
150416b xxu||||| |||| 00| 0 eng d
020
_a
9780071713917
020
_a
0071713913
041
0
_a
eng
080
_a
339.138
245
1
0
_a
Marketing demystified :
_c
Donna Anselmo.
942
_2
udc
_c
BK
999
_c
705
_d
705